| 000 | 005960000a22001810004500 | ||
|---|---|---|---|
| 003 | MACL | ||
| 005 | 20160602160216.0 | ||
| 008 | 160602b xxu||||| |||| 00| 0 eng d | ||
| 040 |
_aMACL _cMACL |
||
| 041 | _aHindi | ||
| 082 | _a920 KUM | ||
| 100 |
_aकुमार, अजय _961786 |
||
| 245 |
_aडॉक्टर राजेन्द्र प्रसाद _cअजय कुमार |
||
| 260 |
_bकला साहित्य संस्थान _c2004 _aनई दिल्ली |
||
| 350 | _a150 | ||
| 650 |
_aBiography _961787 |
||
| 942 |
_cHIN _k920/KUM _2ddc |
||
| 999 |
_c17689 _d17689 |
||